LDR 00897naa#a2200169#i#450# 001 RU\\bibl\122402 005 20260629082902.1 011 ## _a2414-3995 100 ## _a20260311b2026####ek#y0rusy0150####ca 102 ## _aRU 200 1# _aК вопросу об организации оперативно-розыскного противодействия насильственно-агрессивным преступлениям против личности подразделениями уголовного розыска _eЖурнальная статья 210 1# _aМосква _cМосковский университет МВД России имени В.Я. Кикотя _d2026 215 ## _a6 с. 608 ## _aЖурнальная статья _2local 675 ## _aПраво. Юридические науки. 34 _z 700 #1 _aПауков _gОлег Викторович 856 4# _amosumvd.editorum.ru _u